Entry Personal Name
001 - CONTROL NUMBER
- control field: 5329
003 - CONTROL NUMBER IDENTIFIER
- control field: AM-YEHGA
005 - DATE AND TIME OF LATEST TRANSACTION
- control field: 20250617070458.0
008 - FIXED-LENGTH DATA ELEMENTS
- fixed length control field: 140522|| aca||aabn | a|a d
040 ## - CATALOGING SOURCE
- Original cataloging agency: AM-YEHGA
100 1# - HEADING--PERSONAL NAME
- Personal name: Պրևո,
- Titles and other words associated with a name: Աբբա,
- Dates associated with a name: 1697-1763
368 ## - OTHER ATTRIBUTES OF PERSON OR CORPORATE BODY
- Other designation: Աբբա (Վանահայր)
370 ## - ASSOCIATED PLACE
- Place of birth: Էդեն, Ֆրանսիա
- Place of death: Շանտիլ, Ֆրանսիա
374 ## - OCCUPATION
- Occupation: Գրող, արձակագիր
- Occupation: Կենսագիր
- Occupation: Թարգմանիչ
- Occupation: Գրաքննադատ
- Occupation: Բենեդիկտյան հոգևորական
375 ## - GENDER
- Gender: Արական
377 ## - ASSOCIATED LANGUAGE
- Language code: fre
377 ## - ASSOCIATED LANGUAGE
- Language code: eng
400 1# - SEE FROM TRACING--PERSONAL NAME
- Personal name: Պրևո, դ' Էքզիլ,
- Dates associated with a name: 1697-1763
400 1# - SEE FROM TRACING--PERSONAL NAME
- Personal name: Պրևո, Անտուան Ֆրանսուա,
- Dates associated with a name: 1697-1763
400 1# - SEE FROM TRACING--PERSONAL NAME
- Personal name: Բրեվօ, Ապէ,
- Dates associated with a name: 1697-1763
400 1# - SEE FROM TRACING--PERSONAL NAME
- Personal name: Փրեվօ, Ապէ,
- Dates associated with a name: 1697-1763
400 1# - SEE FROM TRACING--PERSONAL NAME
- Personal name: Прево, Антуан Франсуа,
- Dates associated with a name: 1697-1763
400 1# - SEE FROM TRACING--PERSONAL NAME
- Personal name: Прево,
- Titles and other words associated with a name: Aббат,
- Dates associated with a name: 1697-1763
400 1# - SEE FROM TRACING--PERSONAL NAME
- Personal name: Prévost, Antoine François,
- Dates associated with a name: 1697-1763
400 0# - SEE FROM TRACING--PERSONAL NAME
- Personal name: Antoine François Prévost d'Exiles,
- Dates associated with a name: 1697-1763
400 1# - SEE FROM TRACING--PERSONAL NAME
- Personal name: Prévost,
- Titles and other words associated with a name: Abbé,
- Dates associated with a name: 1697-1763
670 ## - SOURCE DATA FOUND
- Source citation: Վիքիպեդիայից՝ ազատ հանրագիտարանից
- Information found: Անտուան Ֆրանսուա Պրևո, հայտնի է նաև որպես աբբա Պրևո (ֆր.՝ Antoine-François Prévost d'Exiles; [ ապրիլի 1, 1697, Էդեն - նոյեմբերի 23, 1763)
- Uniform Resource Identifier: <a href="http://hy.wikipedia.org/wiki/Անտուան_Ֆրանսուա_Պրևո" target="_blank">Վիքիպեդիա</a>
670 ## - SOURCE DATA FOUND
- Source citation: Հայկական սովետական հանրագիտարան, հտ 9.- Ե., 1973, էջ 426 :
- Information found: Պրևո դ' Էքզիլ (Prevost d' Exiles), Աբբա Պրևո Անտուան Ֆրանսուա (1697-1763), ֆրանսիացի գրող:
670 ## - SOURCE DATA FOUND
- Source citation: Մանօն Լեսքօ.- Զմյուռնիա, 1872 :
- Information found: տիտղթ. (Բրեվօ Ապէ)
670 ## - SOURCE DATA FOUND
- Source citation: Մանօն - Լեսքօ.- Կ. Պոլիս, 1924 :
- Information found: տիտղթ. (Փրեվօ Ապէ)
ՀՀ Գիտությունների ազգային ակադեմիայի հիմնարար գիտական գրադարան = Fundamental Scientific Library of NAS RA
All site content, except where otherwise noted, is licensed under a